Detalles MARC
| 000 -CABECERA |
| campo de control de longitud fija |
01012cam a2200265 a 4500 |
| 001 - NÚMERO DE CONTROL |
| campo de control |
000024506 |
| 005 - FECHA Y HORA DE LA ÚLTIMA TRANSACCIÓN |
| campo de control |
20250310114315.0 |
| 008 - DATOS DE LONGITUD FIJA--INFORMACIÓN GENERAL |
| campo de control de longitud fija |
850726s1975 mx 000 | spa d |
| 040 ## - FUENTE DE LA CATALOGACIÓN |
| Centro catalogador/agencia de origen |
DO-SdBNP |
| Lengua de catalogación |
spa |
| Centro/agencia transcriptor |
BNPHU |
| 041 17 - CÓDIGO DE LENGUA |
| Código de lengua del texto/banda sonora o título independiente |
eng |
| Código de lengua original |
spa |
| Fuente del código |
Código de idioma MARC |
| 082 ## - NÚMERO DE LA CLASIFICACIÓN DECIMAL DEWEY |
| Número de clasificación |
613 |
| Número de documento/Ítem |
D817e |
| 049 ## - FONDOS LOCALES (OCLC) |
| Fondos de biblioteca |
BNGR |
| 100 1# - ENTRADA PRINCIPAL--NOMBRE DE PERSONA |
| Nombre de persona |
Dubos, René |
| 9 (RLIN) |
50219 |
| 240 10 - TÍTULO UNIFORME |
| Título uniforme |
Mirage of health : utopias, progress and biological change. |
| Lenguaje de la obra |
Español |
| 245 13 - MENCIÓN DE TÍTULO |
| Título |
El espejismo de la salud : |
| Resto del título |
utopías, progreso y cambio biológico / |
| Mención de responsabilidad, etc. |
René Dubos ; traducción José Ramón Pérez Lías. |
| 260 ## - PUBLICACIÓN, DISTRIBUCIÓN, ETC. |
| Lugar de publicación, distribución, etc. |
México, D. F. : |
| Nombre del editor, distribuidor, etc. |
Fondo de Cultura Económica, |
| Fecha de publicación, distribución, etc. |
1975. |
| 300 ## - DESCRIPCIÓN FÍSICA |
| Extensión |
309 p. ; |
| Dimensiones |
17 cm.. |
| 490 1# - MENCIÓN DE SERIE |
| Mención de serie |
Popular |
| Designación de volumen o secuencia |
146 |
| 534 ## - NOTA SOBRE LA VERSIÓN ORIGINAL |
| Encabezamiento principal del original |
Título original : |
| Mención de título del original |
Mirage of health : utopias, progress and biological change. |
| 650 #4 - PUNTO DE ACCESO ADICIONAL DE MATERIA--TÉRMINO DE MATERIA |
| Término de materia o nombre geográfico como elemento de entrada |
Promoción de la salud |
| 9 (RLIN) |
26697 |
| 650 #0 - PUNTO DE ACCESO ADICIONAL DE MATERIA--TÉRMINO DE MATERIA |
| Término de materia o nombre geográfico como elemento de entrada |
Planificación de la salud |
| 9 (RLIN) |
1345 |
| 650 #4 - PUNTO DE ACCESO ADICIONAL DE MATERIA--TÉRMINO DE MATERIA |
| Término de materia o nombre geográfico como elemento de entrada |
Política médica |
| 9 (RLIN) |
50220 |
| 700 1# - PUNTO DE ACCESO ADICIONAL--NOMBRE DE PERSONA |
| Nombre de persona |
Pérez Lías, José Ramón, |
| Término indicativo de función/relación |
tr. |
| 9 (RLIN) |
50221 |
| 830 #0 - PUNTO DE ACCESO ADICIONAL DE SERIE-TÍTULO UNIFORME |
| Título uniforme |
Popular; |
| Designación de volumen o secuencia |
146 |
| 9 (RLIN) |
13374 |